[Event "Cergy Pontoise-Echiquier Berry Sologne"]
[Site "Pontoise"]
[Date "2007.12.16"]
[Round "4.6"]
[White "Chaumont, Adeline"]
[Black "Jaulin, Marc"]
[Result "1-0"]
[WhiteElo "2049"]
[BlackElo "2155"]
[PlyCount "55"]
[EventDate "2007.12.16"]
[SourceDate "2007.10.25"]

1. d4 Nf6 2. c4 c5 3. d5 e6 4. Nc3 exd5 5. cxd5 d6 6. e4 g6 7. Bd3 Bg7 8. Nge2
O-O 9. O-O Re8 10. f3 Na6 11. a3 Nc7 12. Rb1 b6 13. Re1 a6 14. a4 Nd7 15. b4
Qh4 16. Be3 Be5 17. f4 Bg7 18. Bf2 Qd8 19. bxc5 bxc5 20. Qc2 Rf8 21. Nd1 Ne8
22. Ne3 Nef6 23. Qb3 Re8 24. Nc3 Rb8 25. Qc2 Rb4 26. Nc4 Nb6 27. Rxb4 Nfxd5 28.
Nxd5 1-0

[Event "Cergy Pontoise-Echiquier Berry Sologne"]
[Site "Pontoise"]
[Date "2007.12.16"]
[Round "4.7"]
[White "Ricroque, Jean Pierre"]
[Black "Pouillot, Eric"]
[Result "0-1"]
[WhiteElo "1973"]
[BlackElo "2044"]
[PlyCount "126"]
[EventDate "2007.12.16"]
[SourceDate "2007.10.25"]

1. d4 Nf6 2. Nf3 e6 3. c4 c5 4. d5 exd5 5. cxd5 d6 6. Nc3 g6 7. e4 a6 8. a4 Bg4
9. h3 Bxf3 10. Qxf3 Bg7 11. Bd3 O-O 12. O-O Re8 13. Bf4 Qe7 14. g4 Nbd7 15.
Rae1 Ne5 16. Qg3 Nfd7 17. Bxe5 Qxe5 18. Kg2 Rad8 19. Qxe5 Nxe5 20. Be2 Nd7 21.
Bc4 Ne5 22. Be2 Nd7 23. Kf3 Ne5+ 24. Ke3 Nd7 25. Kd2 Bxc3+ 26. bxc3 Rxe4 27.
Bd1 Rde8 28. Rxe4 Rxe4 29. Bc2 Re7 30. f4 Nb6 31. Bb3 c4 32. a5 Nxd5 33. Ba2
Rc7 34. f5 Kg7 35. g5 gxf5 36. Rxf5 Ne7 37. Rf6 Rc6 38. h4 d5 39. Rf1 f6 40.
Re1 Kf7 41. Bb1 fxg5 42. hxg5 h6 43. Rf1+ Ke8 44. Bc2 Rd6 45. gxh6 Rxh6 46. Rb1
Rh2+ 47. Kc1 Rh1+ 48. Bd1 Nf5 49. Kd2 Rh2+ 50. Kc1 Nd6 51. Rb6 Ke7 52. Bc2 Ke6
53. Kb2 Ke5 54. Kc1 Rg2 55. Kb1 Nb5 56. Kc1 Nxc3 57. Rxb7 Ne4 58. Rc7 Kd4 59.
Rh7 Kc3 60. Rh3+ Ng3 61. Bd1 d4 62. Bf3 Rg1+ 63. Bd1 d3 0-1

[Event "Cergy Pontoise-Echiquier Berry Sologne"]
[Site "Pontoise"]
[Date "2007.12.16"]
[Round "4.8"]
[White "Fota, Daniel"]
[Black "Oberlin, Cecile"]
[Result "1-0"]
[WhiteElo "1922"]
[BlackElo "1640"]
[PlyCount "109"]
[EventDate "2007.12.16"]
[SourceDate "2007.10.25"]

1. d4 d5 2. Bg5 Nc6 3. e3 f6 4. Bh4 Bf5 5. c3 e6 6. Nf3 Bd6 7. Nbd2 Nge7 8. Bb5
O-O 9. Bg3 a6 10. Be2 Bg6 11. Nh4 Bf7 12. Bd3 Qd7 13. Qc2 f5 14. Bxd6 Qxd6 15.
f4 Ng6 16. Nxg6 Bxg6 17. Be2 Ne7 18. b4 b6 19. Nb3 Be8 20. a4 Ng6 21. O-O Qe7
22. Qd2 Bd7 23. Rfe1 b5 24. Nc5 bxa4 25. Bxa6 Nh4 26. Qe2 Be8 27. Bb5 Bxb5 28.
Qxb5 g5 29. Qd7 Qxd7 30. Nxd7 Rf7 31. Nc5 gxf4 32. exf4 Rg7 33. Re2 Kf7 34.
Rxa4 Rag8 35. Ra1 Rg4 36. Rf2 Ng6 37. Nd3 Ke7 38. Kf1 Rh4 39. g3 Rh6 40. Ra7
Kd6 41. Ra6+ Kd7 42. Nc5+ Ke7 43. Rxe6+ Kf7 44. Rc6 Ra8 45. Rxc7+ Kg8 46. Re2
Nf8 47. Rce7 Rd6 48. Re8 Rxe8 49. Rxe8 Kf7 50. Ra8 Rh6 51. Kg2 Ng6 52. Ra6 Ke7
53. Kg1 Ke8 54. Rd6 Ke7 55. Rxd5 1-0

[Event "Gif sur Yvette-Gonfreville l'Orcher II"]
[Site "Gif sur Yvette"]
[Date "2007.12.16"]
[Round "4.1"]
[White "Kulaots, Kaido"]
[Black "Charmeteau, Sven"]
[Result "1-0"]
[WhiteElo "2547"]
[BlackElo "2168"]
[PlyCount "51"]
[EventDate "2007.12.16"]
[SourceDate "2007.10.25"]

1. e4 c5 2. Nf3 Nc6 3. Bb5 d6 4. O-O Bd7 5. Re1 g6 6. c3 Bg7 7. d4 Qb6 8. Ba4
cxd4 9. cxd4 Nxd4 10. Bxd7+ Kxd7 11. Nc3 Nxf3+ 12. Qxf3 Bxc3 13. Qxc3 Nf6 14.
Be3 Qc6 15. Qb3 Rhc8 16. e5 Ng4 17. exd6 Nxe3 18. Qxe3 e6 19. Qf4 f5 20. Qe5
Qd5 21. Qg7+ Kc6 22. Rad1 Qxa2 23. d7 Rd8 24. Qc3+ Kb5 25. Re5+ Ka6 26. Qd3+
1-0

[Event "Gif sur Yvette-Gonfreville l'Orcher II"]
[Site "Gif sur Yvette"]
[Date "2007.12.16"]
[Round "4.2"]
[White "Lefebvre, Herve"]
[Black "Seret, Jean Luc"]
[Result "0-1"]
[WhiteElo "2249"]
[BlackElo "2381"]
[PlyCount "79"]
[EventDate "2007.12.16"]
[SourceDate "2007.10.25"]

1. e4 d6 2. d4 Nf6 3. Nc3 Nbd7 4. Nf3 e5 5. Bc4 Be7 6. O-O O-O 7. Re1 c6 8. a4
b6 9. Ba2 a6 10. h3 Bb7 11. dxe5 Nxe5 12. Nd4 b5 13. f4 Ng6 14. Nf5 b4 15. Ne2
Nxe4 16. Qd4 Nf6 17. Qxb4 Qd7 18. Neg3 c5 19. Qd2 Rfe8 20. b4 Bf8 21. Bb2 Ne4
22. Nxe4 Qxf5 23. Ng3 Qxf4 24. Qxf4 Nxf4 25. Rf1 Ne6 26. bxc5 d5 27. Rad1 Bxc5+
28. Kh1 Rad8 29. Nf5 Bf8 30. Rd3 g6 31. Rg3 Nc5 32. Bf6 Rd7 33. Nd4 Ne4 34. Rd3
Nxf6 35. Rxf6 Re1+ 36. Kh2 Bg7 37. Rf2 Re4 38. c3 a5 39. Nb3 Ba6 40. Rdf3 0-1

[Event "Gif sur Yvette-Gonfreville l'Orcher II"]
[Site "Gif sur Yvette"]
[Date "2007.12.16"]
[Round "4.3"]
[White "Seret, Jean Renaud"]
[Black "Jeanne, Mickael"]
[Result "1/2-1/2"]
[WhiteElo "2190"]
[BlackElo "2236"]
[PlyCount "47"]
[EventDate "2007.12.16"]
[SourceDate "2007.10.25"]

1. e4 e6 2. d4 d5 3. exd5 exd5 4. Bd3 Bd6 5. Ne2 Qh4 6. Nbc3 c6 7. g3 Qh5 8.
Bf4 Qf3 9. Rg1 Bxf4 10. Nxf4 Qxd1+ 11. Nxd1 Nd7 12. Ne3 Ne7 13. O-O-O Nf6 14.
f3 Ng6 15. Neg2 O-O 16. Rge1 Bd7 17. Re2 Rfe8 18. Rde1 Rxe2 19. Rxe2 Re8 20.
Rxe8+ Nxe8 21. Nxg6 hxg6 22. Ne3 Nd6 23. Kd2 Kf8 24. c3 1/2-1/2

[Event "Gif sur Yvette-Gonfreville l'Orcher II"]
[Site "Gif sur Yvette"]
[Date "2007.12.16"]
[Round "4.4"]
[White "Vaugeois, Cyrille"]
[Black "Dubois, Jean Marie"]
[Result "1-0"]
[WhiteElo "2174"]
[BlackElo "2272"]
[PlyCount "235"]
[EventDate "2007.12.16"]
[SourceDate "2007.10.25"]

1. e4 Nf6 2. Nc3 d6 3. d4 g6 4. f3 c6 5. Be3 Nbd7 6. Qd2 e5 7. Nge2 h5 8. Nc1
exd4 9. Bxd4 Bh6 10. Be3 Bxe3 11. Qxe3 Qb6 12. Qxb6 Nxb6 13. Nb3 Be6 14. O-O-O
O-O-O 15. Bd3 Kc7 16. Rhe1 Nfd7 17. Nd4 Nc5 18. b3 h4 19. Rd2 Nbd7 20. h3 g5
21. Nd1 Ne5 22. Ne3 Ng6 23. Bf1 Nf4 24. c4 Nd7 25. Red1 Nb6 26. Rc2 Nc8 27.
Ndf5 Rd7 28. Rcd2 Rhd8 29. Nh6 Ne7 30. Nhg4 Ng8 31. Kc2 f6 32. Nf2 Ne7 33. Nfg4
Rf8 34. Nf2 Neg6 35. Bd3 Ne5 36. Kc3 Rfd8 37. Bf1 Re8 38. Nd3 Rg8 39. Nxf4 gxf4
40. Nc2 c5 41. Ne1 f5 42. Bd3 Rf8 43. Re2 Rg7 44. Rdd2 Nc6 45. exf5 Bxf5 46.
Bxf5 Rxf5 47. Nd3 Nd4 48. Re4 Rgf7 49. Kb2 Kd7 50. Rd1 R7f6 51. Rde1 Ne6 52.
Nf2 Rg6 53. Ng4 Rf7 54. Rd1 Nd4 55. Rde1 Re6 56. Kc3 Rxe4 57. Rxe4 a6 58. Kd3
Ne6 59. Nf2 Rg7 60. Ng4 Rf7 61. a3 a5 62. Kc3 Rf5 63. Re2 b5 64. cxb5 Nd4 65.
Re1 Nxb5+ 66. Kd3 Nc7 67. Re4 Ne6 68. Ra4 Kc6 69. Ke4 Rg5 70. Rxa5 d5+ 71. Kd3
c4+ 72. Kc2 Nd4+ 73. Kc3 Nxb3 74. Ra8 Nc5 75. Kd4 Ne6+ 76. Kc3 Nc7 77. Rd8 Kc5
78. a4 d4+ 79. Kc2 Nd5 80. a5 d3+ 81. Kd2 Nb4 82. Kc3 Rd5 83. Rc8+ Nc6 84. Nf6
Rd8 85. Ne4+ Kd5 86. Rxd8+ Nxd8 87. Nd2 Nc6 88. a6 Kc5 89. Nxc4 Kb5 90. a7 Nxa7
91. Kxd3 Kc5 92. Ne5 Kd5 93. Ng6 Nc6 94. Nxf4+ Ke5 95. Ng6+ Kf5 96. Nxh4+ Kf4
97. Ng6+ Kg5 98. Nf8 Kf4 99. Ne6+ Ke5 100. Ng5 Kf4 101. Ne4 Ne5+ 102. Ke2 Kf5
103. g3 Nc4 104. h4 Ne5 105. h5 Nf7 106. Kd3 Ke5 107. Ke3 Ke6 108. g4 Ne5 109.
Nc5+ Kf6 110. Kf4 Nf7 111. g5+ Kg7 112. Ne6+ Kh8 113. g6 Nh6 114. Kg5 Ng8 115.
f4 Ne7 116. f5 Nd5 117. f6 Ne7 118. fxe7 1-0

[Event "Gif sur Yvette-Gonfreville l'Orcher II"]
[Site "Gif sur Yvette"]
[Date "2007.12.16"]
[Round "4.5"]
[White "Leitner, Walter"]
[Black "Herrou, Christophe"]
[Result "1/2-1/2"]
[WhiteElo "2120"]
[BlackElo "2087"]
[PlyCount "70"]
[EventDate "2007.12.16"]
[SourceDate "2007.10.25"]

1. e4 c5 2. Nf3 Nc6 3. Bb5 e6 4. O-O a6 5. Bxc6 bxc6 6. d3 d5 7. Nbd2 g6 8. Qe2
Bg7 9. Nb3 Qe7 10. c3 e5 11. h3 a5 12. Re1 a4 13. Nbd2 f6 14. Nf1 Nh6 15. Qc2
O-O 16. Ng3 Be6 17. c4 d4 18. Bd2 Qd7 19. Kh2 Nf7 20. Re2 g5 21. Ng1 Nh8 22. f3
Ng6 23. Nh5 Qf7 24. g4 Nf4 25. Nxf4 gxf4 26. Kh1 h5 27. Rh2 Qg6 28. Rf1 Kf7 29.
Rff2 Rh8 30. Be1 Bh6 31. Rfg2 Bg5 32. Qe2 Ke7 33. Qd1 Kd6 34. Qe2 Ra7 35. Qd1
Rhh7 1/2-1/2

[Event "Gif sur Yvette-Gonfreville l'Orcher II"]
[Site "Gif sur Yvette"]
[Date "2007.12.16"]
[Round "4.6"]
[White "Theon, Pierre"]
[Black "Danet, Brieuc"]
[Result "1-0"]
[WhiteElo "2121"]
[BlackElo "2114"]
[PlyCount "47"]
[EventDate "2007.12.16"]
[SourceDate "2007.10.25"]

1. e4 c5 2. Nf3 Nc6 3. d4 cxd4 4. Nxd4 Nf6 5. Nc3 d6 6. Bc4 e6 7. Bb3 Be7 8.
Be3 O-O 9. Qe2 a6 10. O-O-O Qc7 11. Rhg1 b5 12. g4 b4 13. Nxc6 Qxc6 14. Nd5 Qb7
15. Nxe7+ Qxe7 16. Bg5 Bb7 17. f4 h6 18. Bxf6 Qxf6 19. Qe3 Rfd8 20. g5 hxg5 21.
Rxg5 Rac8 22. Rdg1 g6 23. f5 Rc5 24. Rxg6+ 1-0

[Event "Gif sur Yvette-Gonfreville l'Orcher II"]
[Site "Gif sur Yvette"]
[Date "2007.12.16"]
[Round "4.7"]
[White "Boonekamp, Maarten"]
[Black "Mandon, Fabrice"]
[Result "0-1"]
[WhiteElo "2032"]
[BlackElo "2188"]
[PlyCount "62"]
[EventDate "2007.12.16"]
[SourceDate "2007.10.25"]

1. e4 c5 2. Nf3 Nc6 3. c3 Nf6 4. e5 Nd5 5. d4 cxd4 6. Bc4 Nb6 7. Bb3 d5 8. exd6
Qxd6 9. O-O Bf5 10. Re1 e6 11. Nxd4 Nxd4 12. cxd4 Be7 13. Nc3 Rd8 14. Qf3 Qxd4
15. Be3 Qb4 16. Qxb7 O-O 17. Qxa7 Nd7 18. Rad1 Ne5 19. Rd4 Rxd4 20. Qxd4 Nd3
21. Qxb4 Bxb4 22. Re2 Nxb2 23. Na4 Nd3 24. Bd2 Ba3 25. Bc2 Rb8 26. g4 Bg6 27.
h4 h5 28. gxh5 Bxh5 29. Re3 Nf4 30. Re4 Ng6 31. Bf4 Bf3 0-1

[Event "Gif sur Yvette-Gonfreville l'Orcher II"]
[Site "Gif sur Yvette"]
[Date "2007.12.16"]
[Round "4.8"]
[White "Rodange, Barbara"]
[Black "Lofi, Sarah"]
[Result "0-1"]
[WhiteElo "1710"]
[BlackElo "1867"]
[PlyCount "144"]
[EventDate "2007.12.16"]
[SourceDate "2007.10.25"]

1. c4 c5 2. Nc3 Nc6 3. Nf3 Nf6 4. g3 g6 5. Bg2 Bg7 6. d4 cxd4 7. Nxd4 O-O 8.
O-O Nxd4 9. Qxd4 d6 10. Qd3 Rb8 11. Be3 Bf5 12. Qd2 a6 13. Nd5 Ne4 14. Qb4 b5
15. cxb5 Rxb5 16. Qc4 Nf6 17. Nc3 Rxb2 18. Qxa6 Ng4 19. Na4 Nxe3 20. fxe3 Rd2
21. Rfd1 Rxd1+ 22. Rxd1 Qc8 23. Qxc8 Rxc8 24. e4 Be6 25. Rd2 Be5 26. Nb6 Rc1+
27. Kf2 Bc3 28. Rd3 Bxa2 29. Nd5 Be1+ 30. Ke3 e5 31. Nf6+ Kg7 32. Ne8+ Kf8 33.
Nxd6 Rc3 34. Nb5 Rc5 35. Nd6 Ke7 36. Bh3 Bb1 37. Nc8+ Kf8 38. Rd8+ Kg7 39. Kf3
Ba5 40. Rd5 Rxd5 41. exd5 f5 42. Ke3 Be4 43. g4 Bxd5 44. gxf5 Bb4 45. fxg6 Kxg6
46. Kd3 Bc5 47. e4 Bf7 48. Bf5+ Kg7 49. h3 h5 50. Kc3 Kf6 51. Kd3 h4 52. Kc3
Kg5 53. Kd2 Kf4 54. Kd3 Ba2 55. Kc2 Bc4 56. Kd2 Ba2 57. Kc3 Ke3 58. Bg6 Kf4 59.
Bf5 Bf7 60. Kd3 Ba2 61. Bg6 Be6 62. Bf5 Bxf5 63. exf5 Kxf5 64. Kc4 Ba3 65. Kd3
Kf4 66. Nb6 Bb2 67. Nc4 Bd4 68. Nd2 Kg3 69. Ke4 Kxh3 70. Nf3 Kg3 71. Nxh4 Kxh4
72. Kf3 Kg5 0-1

[Event "Sautron-Quimper"]
[Site "Quimper"]
[Date "2007.12.16"]
[Round "4.1"]
[White "Pham Minh, Hoang"]
[Black "Bleunven, Andre"]
[Result "1-0"]
[WhiteElo "2475"]
[BlackElo "2271"]
[PlyCount "85"]
[EventDate "2007.12.16"]
[SourceDate "2007.10.25"]

1. d4 Nf6 2. c4 e6 3. Nc3 Bb4 4. e3 b6 5. Nge2 Ba6 6. a3 Bxc3+ 7. Nxc3 d5 8. b3
O-O 9. Be2 Nc6 10. O-O dxc4 11. Rb1 Nd5 12. Bd2 Nxc3 13. Bxc3 Qd6 14. bxc4 Qxa3
15. Qc2 Qe7 16. d5 exd5 17. cxd5 Bxe2 18. Qxe2 Qc5 19. Qb2 Qxd5 20. Bxg7 Rfe8
21. f4 Re6 22. Bh8 Rg6 23. f5 Rg5 24. h4 Rg3 25. Kh2 Rg4 26. Rf4 Rxg2+ 27.
Qxg2+ Qxg2+ 28. Kxg2 Kxh8 29. Rc1 Ne7 30. Rd1 c6 31. e4 c5 32. Rd7 Nc6 33. Rxf7
Rg8+ 34. Kf1 c4 35. f6 b5 36. Rf5 Nd8 37. Rxa7 c3 38. Rh5 Rg4 39. Rhxh7+ Kg8
40. f7+ Nxf7 41. Rhxf7 b4 42. Rfc7 Rf4+ 43. Kg2 1-0

[Event "Sautron-Quimper"]
[Site "Quimper"]
[Date "2007.12.16"]
[Round "4.2"]
[White "Jolly, Jean Francois"]
[Black "Tripoteau, Nicolas"]
[Result "0-1"]
[WhiteElo "2304"]
[BlackElo "2298"]
[PlyCount "54"]
[EventDate "2007.12.16"]
[SourceDate "2007.10.25"]

1. e4 c5 2. Nf3 d6 3. d4 cxd4 4. Nxd4 Nf6 5. Nc3 a6 6. g3 e5 7. Nde2 Be7 8. Bg2
O-O 9. O-O Nbd7 10. h3 b5 11. g4 b4 12. Nd5 Nxd5 13. Qxd5 Rb8 14. Ng3 Bb7 15.
Qd1 Nc5 16. f4 exf4 17. Bxf4 Ne6 18. Be3 Bf6 19. Rb1 Be5 20. Nf5 g6 21. Nh6+
Kg7 22. Qd2 Qh4 23. Qf2 Qxf2+ 24. Rxf2 f6 25. h4 Bg3 26. Rd2 Bxh4 27. Rxd6 Ng5
0-1

[Event "Sautron-Quimper"]
[Site "Quimper"]
[Date "2007.12.16"]
[Round "4.4"]
[White "Entem, Alan"]
[Black "Rate, Bruno"]
[Result "1-0"]
[WhiteElo "2168"]
[BlackElo "2106"]
[PlyCount "55"]
[EventDate "2007.12.16"]
[SourceDate "2007.10.25"]

1. e4 c5 2. Nf3 d6 3. d4 cxd4 4. Nxd4 Nf6 5. Nc3 a6 6. Be3 e5 7. Nb3 Be6 8. Qd2
Nbd7 9. f3 h5 10. a4 Rc8 11. a5 Qc7 12. Bd3 d5 13. exd5 Nxd5 14. Nxd5 Bxd5 15.
Bf5 Bc6 16. Rd1 g6 17. Bb6 Nxb6 18. axb6 Qb8 19. Bd7+ Ke7 20. Bxc8 Qxc8 21. O-O
Kf6 22. f4 Kg7 23. fxe5 Be7 24. Qf4 Qe6 25. Nd4 Bc5 26. Kh1 Bxd4 27. Rxd4 Re8
28. Rd6 1-0

[Event "Sautron-Quimper"]
[Site "Quimper"]
[Date "2007.12.16"]
[Round "4.5"]
[White "Primel, Dominique"]
[Black "Bodenez, Claire"]
[Result "0-1"]
[WhiteElo "2007"]
[BlackElo "2034"]
[PlyCount "62"]
[EventDate "2007.12.16"]
[SourceDate "2007.10.25"]

1. Nf3 d5 2. d4 Nf6 3. c4 c6 4. Qc2 Bg4 5. Ne5 Bh5 6. cxd5 Qxd5 7. e3 e6 8. a3
Nbd7 9. Nc3 Qa5 10. Nc4 Qc7 11. Bd3 e5 12. dxe5 Nxe5 13. Nxe5 Qxe5 14. f4 Qc5
15. b4 Qd6 16. O-O Rd8 17. Bf5 Be7 18. Re1 Bg6 19. Bxg6 hxg6 20. Rd1 Qe6 21.
Rxd8+ Bxd8 22. h3 Bb6 23. Qe2 Nh5 24. Kh2 g5 25. g4 Nf6 26. Kg2 Ne4 27. Na4
gxf4 28. Nxb6 axb6 29. exf4 Rxh3 30. Bb2 Rg3+ 31. Kf1 Rxg4 0-1

[Event "Sautron-Quimper"]
[Site "Quimper"]
[Date "2007.12.16"]
[Round "4.6"]
[White "Cadiou, Jacques"]
[Black "Daniel, Jean Claude"]
[Result "1-0"]
[WhiteElo "1974"]
[BlackElo "1903"]
[PlyCount "65"]
[EventDate "2007.12.16"]
[SourceDate "2007.10.25"]

1. Nf3 d5 2. d4 Nf6 3. c4 e6 4. Nc3 c6 5. Bg5 Nbd7 6. e3 Qa5 7. cxd5 exd5 8.
Nd2 Bb4 9. Qc2 O-O 10. Nb3 Bxc3+ 11. bxc3 Qa3 12. Bd3 h6 13. Bh4 Re8 14. O-O g5
15. Bg3 Ne4 16. Bxe4 dxe4 17. Nd2 Qe7 18. Nc4 Qe6 19. Nd6 Re7 20. f3 Nf6 21.
fxe4 Nxe4 22. Nf5 Nxg3 23. Nxe7+ Qxe7 24. hxg3 Qxe3+ 25. Kh2 Qe7 26. Rae1 Be6
27. c4 Rd8 28. Qf2 a5 29. Re5 Qd6 30. Qf6 Bxc4 31. Re8+ Rxe8 32. Qxd6 Bxf1 33.
Qxh6 1-0

[Event "Sautron-Quimper"]
[Site "Quimper"]
[Date "2007.12.16"]
[Round "4.7"]
[White "Lebreton, Flavien"]
[Black "Brient, Yoann"]
[Result "1/2-1/2"]
[WhiteElo "1898"]
[BlackElo "1859"]
[PlyCount "101"]
[EventDate "2007.12.16"]
[SourceDate "2007.10.25"]

1. d4 Nf6 2. Nf3 e6 3. c4 b6 4. Nc3 Bb4 5. Bg5 h6 6. Bh4 g5 7. Bg3 Ne4 8. Qc2
f5 9. e3 Bb7 10. Nd2 Bxc3 11. bxc3 Nxg3 12. fxg3 Qf6 13. e4 fxe4 14. Nxe4 Bxe4
15. Qxe4 Nc6 16. Bd3 O-O-O 17. c5 d5 18. cxd6 Rxd6 19. Bb5 Kb7 20. Rf1 Qe7 21.
O-O-O a6 22. Bxc6+ Rxc6 23. Kb2 Qh7 24. Qf3 Qf5 25. Qxf5 exf5 26. Rxf5 Re8 27.
Rd2 Re3 28. Rc2 b5 29. Rf3 Re4 30. Kb3 Re1 31. h4 g4 32. Rf4 Rg6 33. Rcf2 Re3
34. Kc2 Rc6 35. Rxg4 Rcxc3+ 36. Kb2 Rxg3 37. Re4 Rcd3 38. Kc2 Rc3+ 39. Kd2 Ra3
40. Ke1 Ra4 41. Rd2 Rga3 42. Ree2 h5 43. Kf2 c5 44. dxc5 Kc6 45. g3 Kxc5 46.
Re5+ Kc4 47. Rc2+ Kd3 48. Ree2 a5 49. Red2+ Ke4 50. Re2+ Kd3 51. Red2+ 1/2-1/2

[Event "Sautron-Quimper"]
[Site "Quimper"]
[Date "2007.12.16"]
[Round "4.8"]
[White "Baudon, Andrew"]
[Black "Desnoes, Anne Laure"]
[Result "1-0"]
[WhiteElo "1935"]
[BlackElo "1487"]
[PlyCount "73"]
[EventDate "2007.12.16"]
[SourceDate "2007.10.25"]

1. e4 e5 2. Nf3 Nc6 3. Bb5 Nf6 4. O-O d6 5. d4 exd4 6. Nxd4 Bd7 7. Nxc6 Bxc6 8.
Bxc6+ bxc6 9. Qf3 Qd7 10. Re1 Be7 11. Nc3 O-O 12. Bf4 Qg4 13. Qe3 Nh5 14. Bg3
Nxg3 15. hxg3 f5 16. exf5 Bg5 17. Qe6+ Rf7 18. Re4 Qh5 19. g4 Qh6 20. Qxh6 Bxh6
21. f4 g6 22. fxg6 hxg6 23. Ne2 Raf8 24. g3 Bg7 25. Rb1 Rb8 26. b3 Kf8 27. Re1
d5 28. Re6 Rf6 29. Nd4 c5 30. Rxf6+ Bxf6 31. Ne6+ Kf7 32. Nxc7 d4 33. Nd5 Bd8
34. c3 Ba5 35. Re7+ Kf8 36. c4 Be1 37. Rxe1 1-0

[Event "Bagneux-Rennes Paul Bert"]
[Site "Bagneux"]
[Date "2007.12.16"]
[Round "4.1"]
[White "Sinkovics, Peter"]
[Black "Monroy, Charles"]
[Result "1/2-1/2"]
[WhiteElo "2356"]
[BlackElo "2368"]
[PlyCount "38"]
[EventDate "2007.12.16"]
[SourceDate "2007.10.25"]

1. d4 Nf6 2. Nf3 e6 3. e3 b6 4. Bd3 c5 5. O-O Bb7 6. b3 Nc6 7. Bb2 Be7 8. c4
cxd4 9. exd4 d5 10. Nc3 O-O 11. Rc1 Rc8 12. Re1 Re8 13. h3 Bf8 14. Bf1 h6 15.
a3 dxc4 16. bxc4 Na5 17. Ne5 Nd7 18. Nxd7 Qxd7 19. Ne4 Red8 1/2-1/2

[Event "Bagneux-Rennes Paul Bert"]
[Site "Bagneux"]
[Date "2007.12.16"]
[Round "4.2"]
[White "Demanghon, Jonathan"]
[Black "Le Quang, Kim"]
[Result "1/2-1/2"]
[WhiteElo "2214"]
[BlackElo "2284"]
[PlyCount "44"]
[EventDate "2007.12.16"]
[SourceDate "2007.10.25"]

1. d4 Nf6 2. c4 g6 3. Nc3 Bg7 4. e4 d6 5. f3 O-O 6. Nge2 a6 7. Bg5 Nbd7 8. Qd2
c6 9. d5 a5 10. Nd4 Qc7 11. Be2 Nc5 12. O-O Re8 13. Rfd1 a4 14. Rab1 Bd7 15.
Be3 Rec8 16. b4 axb3 17. axb3 Be8 18. Rdc1 Qd8 19. Bd1 h5 20. Kh1 Kh7 21. b4
Ncd7 22. Be2 c5 1/2-1/2

[Event "Bagneux-Rennes Paul Bert"]
[Site "Bagneux"]
[Date "2007.12.16"]
[Round "4.3"]
[White "Dussart, Frederic"]
[Black "Favarel, Camille"]
[Result "1-0"]
[WhiteElo "2262"]
[BlackElo "2092"]
[PlyCount "53"]
[EventDate "2007.12.16"]
[SourceDate "2007.10.25"]

1. e4 c6 2. d4 d5 3. e5 c5 4. dxc5 Nc6 5. Nf3 Bg4 6. Bb5 e6 7. Be3 Nge7 8. c3
Qa5 9. Qa4 Qxa4 10. Bxa4 Bxf3 11. gxf3 f6 12. exf6 gxf6 13. Nd2 Kf7 14. Bc2 a5
15. a4 e5 16. Nb3 Ke6 17. O-O-O Rd8 18. f4 e4 19. c4 f5 20. Nd4+ Nxd4 21. Bxd4
Rg8 22. Bb3 Bg7 23. cxd5+ Nxd5 24. Rd2 Bxd4 25. Rxd4 Rg7 26. Rhd1 Rgd7 27. h4
1-0

[Event "Bagneux-Rennes Paul Bert"]
[Site "Bagneux"]
[Date "2007.12.16"]
[Round "4.4"]
[White "Le Montagner, Yoann"]
[Black "Goerlinger, Stephane"]
[Result "0-1"]
[WhiteElo "2030"]
[BlackElo "2222"]
[PlyCount "74"]
[EventDate "2007.12.16"]
[SourceDate "2007.10.25"]

1. e4 c5 2. Nf3 e6 3. Qe2 Nc6 4. g3 g6 5. Bg2 Bg7 6. d3 Nge7 7. c3 O-O 8. Be3
b6 9. O-O Ba6 10. Qd2 d5 11. Rd1 Qc7 12. exd5 Nxd5 13. Bh6 Rfd8 14. Bxg7 Kxg7
15. Na3 Rac8 16. Nc2 Nf6 17. d4 cxd4 18. Ncxd4 e5 19. Nf5+ Kh8 20. Qh6 Rg8 21.
Ng5 Nd8 22. Rd6 Ne6 23. Rad1 Nxg5 24. Qxg5 Ne8 25. Rd7 gxf5 26. Qxf5 Ng7 27.
Qh3 Rcd8 28. Be4 h5 29. Bc2 Rxd7 30. Rxd7 Bc8 31. Qxh5+ Nxh5 32. Rxc7 Be6 33.
Rxa7 Rd8 34. Ra4 Kg7 35. Kg2 Rd2 36. Be4 Nf6 37. Bf3 e4 0-1

[Event "Bagneux-Rennes Paul Bert"]
[Site "Bagneux"]
[Date "2007.12.16"]
[Round "4.5"]
[White "Gollain, Marc"]
[Black "Le Bail, Clara"]
[Result "1-0"]
[WhiteElo "2194"]
[BlackElo "2051"]
[PlyCount "89"]
[EventDate "2007.12.16"]
[SourceDate "2007.10.25"]

1. Nf3 d5 2. d4 Nf6 3. c4 c6 4. Nc3 dxc4 5. a4 Bf5 6. Nh4 Bg4 7. h3 Bh5 8. g4
Bg6 9. Nxg6 hxg6 10. e3 e6 11. Bxc4 Nbd7 12. Bf1 Bb4 13. Bg2 Qe7 14. O-O Nh7
15. f4 Rd8 16. Qb3 Ndf6 17. g5 Nh5 18. Ne2 Bd6 19. a5 a6 20. Ra4 Rd7 21. Qc3
O-O 22. Rc4 Rfd8 23. h4 Nf8 24. b4 Bb8 25. Qb2 f6 26. Bh3 Rd6 27. Qb1 e5 28.
dxe5 fxe5 29. Re4 Rd1 30. Qb3+ Qf7 31. Qxf7+ Kxf7 32. fxe5+ Rxf1+ 33. Kxf1 Ne6
34. Bb2 Ba7 35. Kf2 Rd5 36. Bd4 Bb8 37. Kf3 c5 38. Nc3 Nxd4+ 39. exd4 Rxd4 40.
e6+ Ke8 41. Rxd4 cxd4 42. Nd5 Bg3 43. Bf1 Bb8 44. Bd3 Kf8 45. e7+ 1-0

[Event "Bagneux-Rennes Paul Bert"]
[Site "Bagneux"]
[Date "2007.12.16"]
[Round "4.6"]
[White "Fontaine, David"]
[Black "Massimi, Pierre"]
[Result "1-0"]
[WhiteElo "2023"]
[BlackElo "1924"]
[PlyCount "161"]
[EventDate "2007.12.16"]
[SourceDate "2007.10.25"]

1. g3 Nf6 2. Bg2 d5 3. c4 e6 4. Nc3 c6 5. d3 Be7 6. Nf3 O-O 7. O-O Nbd7 8. Qc2
b6 9. a3 Bb7 10. b4 c5 11. cxd5 exd5 12. bxc5 Nxc5 13. Nd4 Qd7 14. e3 Rac8 15.
Bb2 Bd6 16. Nf3 Qf5 17. Rfd1 Ne6 18. Qa4 Nc5 19. Qc2 Ne6 20. Nh4 Qg4 21. h3 Qg5
22. Nf3 Qg6 23. Qe2 Rfe8 24. Nb5 Bb8 25. Be5 Bxe5 26. Nxe5 Qf5 27. f4 Rcd8 28.
g4 Nxf4 29. exf4 Qxf4 30. d4 Ba6 31. a4 Ne4 32. Qf3 Qxf3 33. Bxf3 Bxb5 34. axb5
Nc3 35. Rd3 Nxb5 36. Rb1 a6 37. Nc6 Rd6 38. Nb4 Nc7 39. Rc1 Rd7 40. Rc6 a5 41.
Nc2 b5 42. Rdc3 Ne6 43. Ra6 b4 44. Re3 Rc8 45. Bd1 g6 46. Rxa5 Rc4 47. Rb5 Nxd4
48. Rb8+ Kg7 49. Nxb4 Rc1 50. Rd3 Ne2+ 51. Kf2 Nf4 52. Rd4 Nxh3+ 53. Ke3 Rc3+
54. Kd2 Rc5 55. Bf3 Ng5 56. Bg2 Ra5 57. Rc8 Ra4 58. Rc2 Ne6 59. Rxd5 Rxd5+ 60.
Nxd5 Rxg4 61. Ne3 Rg3 62. Bd5 Nf4 63. Be4 h5 64. Rc1 h4 65. Rh1 h3 66. Rf1 Ne6
67. Ke2 Ng5 68. Bc6 Ne6 69. Kf2 Rg5 70. Rh1 Rh5 71. Kg3 Ng5 72. Bb5 f5 73. Bf1
Kf6 74. Nd5+ Ke5 75. Nf4 Ne4+ 76. Kf3 Nd2+ 77. Ke3 Nxf1+ 78. Rxf1 h2 79. Nxh5
gxh5 80. Rh1 f4+ 81. Kf3 1-0

[Event "Bagneux-Rennes Paul Bert"]
[Site "Bagneux"]
[Date "2007.12.16"]
[Round "4.7"]
[White "Payen, Gerard"]
[Black "Jouneau, Quentin"]
[Result "0-1"]
[WhiteElo "1782"]
[BlackElo "1970"]
[PlyCount "58"]
[EventDate "2007.12.16"]
[SourceDate "2007.10.25"]

1. e4 Nf6 2. Nc3 d5 3. exd5 Nxd5 4. Bc4 Nxc3 5. Bxf7+ Kxf7 6. Qf3+ Ke8 7. Qxc3
Nc6 8. Nf3 Bg4 9. O-O Qd5 10. Re1 Bxf3 11. gxf3 Qd4 12. Qb3 Qb6 13. Qd5 Rd8 14.
Qf5 Nd4 15. Qd3 Qc6 16. Re4 Nxc2 17. Qf1 Nxa1 18. d4 Nc2 19. Be3 Nxe3 20. fxe3
Rd6 21. Rg4 Rg6 22. Qh3 Qc1+ 23. Kf2 Qd2+ 24. Kg3 Qe1+ 25. Kf4 Rf6+ 26. Ke4
Qb1+ 27. Kd5 Qf5+ 28. Kc4 Rc6+ 29. Kb4 e6+ 0-1